| 000 | 00653nam a2200205Ii 4500 | ||
|---|---|---|---|
| 003 | JO-AjNU | ||
| 008 | 230605s9999||||xx |||||||||||||| ||und|| | ||
| 017 | _a1997/7/931 | ||
| 040 |
_aJO-AjNU _bara _erda _cJO-AjNU |
||
| 041 | _aara | ||
| 050 | 1 | 4 | _aQM608.H3432 1997 |
| 100 | 3 |
_aالحاج ، حميد احمد, _eauthor _916733 |
|
| 245 | 0 | 0 | _aاساسيات علم الاجنة |
| 264 | 3 | 1 | _aعمان:عمادة البحث العلمي ، 1997 |
| 300 | _a448ص | ||
| 336 |
_atext _btxt _2rdacontent |
||
| 337 |
_aunmediated _bn _2rdamedia |
||
| 338 |
_avolume _bnc _2rdacarrier |
||
| 650 | 4 |
_aالعلوم الحياتية - علم الاجنة _916734 |
|
| 999 |
_aA5025 _c8593 _d8593 |
||